PRESIDENT KRIPLANI AND HIS IDEAS (Record no. 28657)
[ view plain ]
| 000 -LEADER | |
|---|---|
| fixed length control field | 00293nam a22001337a 4500 |
| 003 - CONTROL NUMBER IDENTIFIER | |
| control field | SGT |
| 082 ## - DEWEY DECIMAL CLASSIFICATION NUMBER | |
| Classification number | 923.154 |
| Item number | P47B |
| 100 ## - MAIN ENTRY--PERSONAL NAME | |
| Personal name | BRIGHT, J.S. |
| 245 ## - TITLE STATEMENT | |
| Title | PRESIDENT KRIPLANI AND HIS IDEAS |
| 260 ## - PUBLICATION, DISTRIBUTION, ETC. (IMPRINT) | |
| Name of publisher, distributor, etc | INDIAN PRINTING WORKS |
| Year of Publication | 1947 |
| 300 ## - PAGE DESCRIPTION | |
| No. of Pages | 218 |
| 650 ## - SUBJECT ADDED ENTRY--TOPICAL TERM | |
| Topical term or geographic name as entry element | BIOGRAPHY |
| 942 ## - ADDED ENTRY ELEMENTS (KOHA) | |
| Source of classification or shelving scheme | Dewey Decimal Classification |
| Koha item type | Books |
| Withdrawn status | Lost status | Source of classification or shelving scheme | Damaged status | Not for loan | Home library | Current library | Shelving location | Date acquired | Cost, normal purchase price | SGTU | Total Checkouts | Full call number | Accession No. (Barcode) | Date last seen | Bill Date | Koha item type |
|---|---|---|---|---|---|---|---|---|---|---|---|---|---|---|---|---|
| Dewey Decimal Classification | Not For Loan | SGT Chancellor's Library | SGT Chancellor's Library | Reference Book | 04/01/2025 | 44.00 | SGTU | 923.154 P47B | CH1489 | 04/01/2025 | 04/01/2025 | Books |